000 00935nam a22000977a 4500
008 161205b xxu||||| |||| 00| 0 eng d
100 _aAustria. Generaldirektion fur die Post- und Telegraphenverwaltung.
245 _a100 Jahre osterreichische Briefmarke
260 _aWien (Vienna) Austria
_b Osterreichischen Staatsdruckerei)
_c1950
650 _aAustria | 1850-1950 | Austro-Hungarian Empire | Postal Issues | Stamps -- Histories | Classic Issues | Definitive Issues | First Issues | Embossed Issues | Newspaper and Periodical Issues | Commemorative Issues | Postage Dues | Semi-postal Issues | Telegraph Issues | Austria -- Lombardy-Venetia (1815-1866) | Austria -- Offices in Turkish Empire (1863-1914) | Austria -- Offices Abroad | Austria -- Bosnia and Herzegovina (1879-1918) | Austria -- Offices in Liechtenstein (1850-1920) | Austro-Hungarian Military Post | Production | Essays and Proofs | Designs, Unaccepted | Artists and Designers
999 _c2149
_d2149